000 00282nam a2200109Ia 4500
008 220204s9999 xx 000 0 und d
082 _a621.38
_bTHO
100 _aThomson, Charles M
245 0 _aFundamentals of electronics
260 _aNew Jersey
_bPrentice hall
_c1979
942 _cBK
999 _c31982
_d31982